000 00304nam a22001457a 4500
020 _a81-7130-319-9
082 _a894.812.3
_bMUK/A
100 _aMUKUNDAN M
245 _aAKASATHINU CHUVATTIL
260 _aKOTTAYAM
_bDC BOOKS
_c2017
300 _a109
520 _aNOVEL
650 _aNOVEL
942 _cBK
999 _c5002
_d5002